000 00826nam a2200217 i 4500
001 bgj
245 1 0 _aRobert Musil, Briefe-Nachlese, Dialog mit dem Kritiker Walther Petry :
_b[eine Veröffentlichung der Internationalen Robert-Musil-Gesellschaft Saarbrücken/Wien, Oktober 1994] /
_cInterantionale Robert-Musil-Gessellschaft ; Mit Peter Engel [et al.] ; hrsg. von Adolf Friés.
260 _aSaarbrücken ;
_aWien :
_bInternationale Robert-Musil-Gesselschaft,
_c1971.
300 _a89 s. ;
_c21 cm.
650 9 _aLiteratura niemiecka
700 1 _aMUSIL, Robert.
700 1 _aENGEL, Peter.
700 1 _aFRIÉS, Adolf.
710 1 _aInternationale Robert-Musil-Gesellschaft.
040 _cBPK
041 0 _ager
044 _aDEU
080 _a821.112.2
942 _cKS
008 s gw f |000 0 ger
999 _c50973
_d50973
856 _uhttp://koha.tu.koszalin.pl/cgi-bin/koha/opac-detail.pl?biblionumber=50973
_yKatalog online BPK